Survivor Nicknames/Aliases - Statistics

General Stats
  • This quiz has been taken 45 times
  • The average score is 32 of 43
Answer Stats
Hint Answer % Correct
Big Tom (Africa) Tom Buchanan
100%
J.T. (Tocantins, Heroes vs. Villains, Game Changers) James Thomas Jr.
96%
Sugar (Gabon, Heroes vs. Villains) Jessica Kiper
96%
Jonny Fairplay (Pearl Islands, Micronesia) Jon Dalton
96%
Taj (Tocantins) Tamara Johnson-George
96%
Woo (Cagayan) Yung Hwang
96%
Coach (Tocantins, Heroes vs. Villains, South Pacific) Benjamin Wade
93%
Figgy (Millennials vs. Gen X) Jessica Figueroa
93%
Fabio (Nicaragua) Jud Birza
93%
Shambo (Samoa) Shannon Waters
93%
Troyzan (One World, Game Changers) Troy Robertson
93%
Yam Yam (Survivor 44) Yamil Arocho
93%
LJ (Cagayan) Leon Joseph McKanas
89%
Dee (Survivor 45) Dianelys Valladares
85%
B.B. (Borneo) Bill Andersen
81%
R.C. (Philippines) Roberta Saint-Amour
81%
Cao Boi (Cook Islands) Anh-Tuan Bui
78%
CeCe (Millennials vs. Gen X) Ciandre Taylor
78%
Flicka (Cook Islands) Jessica Smith
78%
So (Worlds Apart) Charlotte Kim
74%
Tarzan (One World) Greg Smith
74%
J. Maya (Survivor 45) Janani Krishnan-Jha
74%
Jay (Millennials vs. Gen X) Justin Starrett
74%
Mad Dog (Australian Outback) Maralyn Hershey
74%
Pappy (Marquesas) Paschal English
74%
Dreamz (Fiji) Andria Herd
67%
Angie (Palau) Cassandra Jakusz
63%
Wardog (Edge of Extinction) Dan DaSilva
63%
Boo (Fiji) Kenward Bernis
63%
Sarge (Vanuatu) Lea Masters
63%
Sash (Nicaragua) Matthew Lenahan
63%
Rocky (Fiji) James Reid
59%
Papa Bear (South Pacific) Mark Caruso
59%
Frosti (China) Michael Zernow
59%
Sifu (Survivor 45) Nicholas Alsup
59%
The General (Marquesas) Robert DeCanio
59%
Missy (Island of the Idols) Tra'mese Byrd
59%
GC (Gabon) Danny Brown
56%
JD (Survivor 41) Jairus Robinson
56%
Chicken (China) Steve Morris
56%
Chad (Vanuatu) James Crittenden
52%
Bubba (Vanuatu) Travis Simpson
52%
Dolly (Vanuatu) Janean Neely
44%
No matching quizzes found
Score Distribution
Percent of People with Each Score
Percentile by Number Answered
Your Score History
You have not taken this quiz